00703nam a2200169 a 450000100100000000500170001000800410002704000250006808200150009310000380010824500450014626000500019130000370024150000470027895201910032599900170051600004629420240226130804.0150716sxxu dr ac 000 0 spa d aDO-SdBNPbspacBNPHU axxxxbxxxx1 aVicioso, Sherezada,d1948-91950410aPerrerias /cSherezada Vicioso (Chiqui). aSanto Domingo :bEditora de Colores,c[s.f.]. a[20] p. :bil., retrs. ;c22 cm. aIncluye datos biográficos de la autora . 0010718PDaPDbPDcCTd2015-07-16iLF1l0oxxxx xxxxp46294-10r2020-06-25w2020-06-25yLFPDzPerteneció a la biblioteca personal de Chiqui Vicioso / Fidelio Despradel.ZNo se presta c45783d45783